The Venus - True or False? - Statistics

General Stats
  • This quiz has been taken 21 times
    16 since last reset
  • The average score is 11 of 15
Answer Stats
Question Answer % Correct
Venus is similar in size and structure to the Saturn. False
100%
The clouds on Venus are composed mainly of water vapor. False
100%
Venus is sometimes visible to the naked eye during the day. True
100%
Venus was named after the Roman goddess of love and beauty. True
100%
The planet has only one moon. False
75%
Venus has a magnetic field similar to Earth's. False
75%
Venus experiences extreme weather, including rainstorms and snow. False
75%
The pressure on Venus’ surface is similar to that at Earth's sea level. False
75%
A day on Venus is longer than a day on Earth. True
75%
The surface of Venus cannot be seen from space due to its thick cloud cover. True
75%
Venus is the brightest planet in the night sky. True
75%
The atmosphere of the Venus is primarily composed of nitrogen. False
50%
Venus rotates in the same direction as most other planets in the Solar System. False
50%
On the Venus are active vulcans. True
50%
The Venus has an orbit in form of an egg. False
25%
No matching quizzes found
Score Distribution
Percent of People with Each Score
Percentile by Number Answered
Your Score History
You have not taken this quiz since the last reset